The Incorporated Society of Auctioneers and Landed Property Agents Album 1953-1954 (Record no. 105139)
[ view plain ]
| 000 -LEADER | |
|---|---|
| fixed length control field | 00850cam a2200193 4500 |
| 001 - CONTROL NUMBER | |
| control field | ##L132438 |
| 008 - FIXED-LENGTH DATA ELEMENTS--GENERAL INFORMATION | |
| fixed length control field | 060208n 000 0 eng u |
| 035 ## - SYSTEM CONTROL NUMBER | |
| System control number | (Sirsi) u132438 |
| 041 0# - LANGUAGE CODE | |
| Language code of text/sound track or separate title | eng |
| 050 04 - LIBRARY OF CONGRESS CALL NUMBER | |
| Classification number | 352.57 $2 2 |
| 110 2# - MAIN ENTRY--CORPORATE NAME | |
| Corporate name or jurisdiction name as entry element | Incorporated Society of Auctioneers and Landed Property Agents |
| 9 (RLIN) | 4878 |
| 245 04 - TITLE STATEMENT | |
| Title | The Incorporated Society of Auctioneers and Landed Property Agents Album 1953-1954 |
| Remainder of title | Granville Morris, President 1955-1954 |
| 260 ## - PUBLICATION, DISTRIBUTION, ETC. | |
| Place of publication, distribution, etc. | [S.l.] |
| Name of publisher, distributor, etc. | [s.n.] |
| Date of publication, distribution, etc. | 1953-54 |
| 300 ## - PHYSICAL DESCRIPTION | |
| Extent | 1 |
| Type of unit | v |
| Other physical details | ill |
| -- | [70] photographs : black and white |
| Dimensions | 27cm. |
| 520 ## - SUMMARY, ETC. | |
| Summary, etc. | Scrapbook recording the presidential year of Granville Morris, containing miscellaneous press articles, photographs and various programmes of coroporate events. |
| 650 24 - SUBJECT ADDED ENTRY--TOPICAL TERM | |
| Topical term or geographic name entry element | INCORPORATED SOCIETY OF AUCTIONEERS AND LANDED PROPERTY AGENTS |
| 690 ## - LOCAL SUBJECT ADDED ENTRY--TOPICAL TERM (OCLC, RLIN) | |
| Topical term or geographic name as entry element | Auctioneering |
| 9 (RLIN) | 6218 |
| 942 ## - ADDED ENTRY ELEMENTS (KOHA) | |
| Suppress in OPAC | 0 |
| Withdrawn status | Lost status | Source of classification or shelving scheme | Damaged status | Not for loan | Home library | Current library | Shelving location | Date acquired | Total Checkouts | Full call number | Barcode | Date last seen | Copy number | Price effective from | Koha item type |
|---|---|---|---|---|---|---|---|---|---|---|---|---|---|---|---|
| Dewey Decimal Classification | London | London | RICS Boxes | 08/02/2006 | ISVA/7 | 30071624 | 06/08/2019 | 1 | 06/08/2019 | Reference material |